000 00610nam a22002177a 4500
003 UA-OsUOA
001 54588
007 ta
008 20080627b un ||||| |||| 00| 0 ukr d
100 _aСюндюков І.
090 _a94(477)
_bС-12
942 _cSA
040 _aUA-OsUOA
_bukr
_cUA-OsUOA
_dUA-OsUOA
245 _aОстанній імператор Микола ІІ: штрихи до політичного портрета
300 _aС.7
955 _a0
041 _aukr
080 _a94(477)
773 0 _w54587
650 7 _a9 Географія. Біографії. Історія
_2UDC
999 _c340603
_d340603